Captain Sir Richard Francis Burton : (Record no. 1222)

000 -LEADER
fixed length control field 01119nam a22003137a 4500
001 - CONTROL NUMBER
control field 563325
003 - CONTROL NUMBER IDENTIFIER
control field OSt
005 - DATE AND TIME OF LATEST TRANSACTION
control field 20210426111810.0
008 - FIXED-LENGTH DATA ELEMENTS--GENERAL INFORMATION
fixed length control field 890818s1990 nyuabcf b 001 0beng
010 ## - LIBRARY OF CONGRESS CONTROL NUMBER
LC control number 89010898
020 ## - INTERNATIONAL STANDARD BOOK NUMBER
International Standard Book Number 0684191377 :
Terms of availability $35.00
040 ## - CATALOGING SOURCE
Original cataloging agency DLC
Transcribing agency DLC
Modifying agency DLC
043 ## - GEOGRAPHIC AREA CODE
Geographic area code e-uk---
050 00 - LIBRARY OF CONGRESS CALL NUMBER
Classification number G246.B8
Item number R46 1990
080 ## - UNIVERSAL DECIMAL CLASSIFICATION NUMBER
Universal Decimal Classification number 92
Item number R-52
082 00 - DEWEY DECIMAL CLASSIFICATION NUMBER
Classification number 910/.92
-- B
Edition number 20
100 1# - MAIN ENTRY--PERSONAL NAME
Personal name Rice, Edward.
245 10 - TITLE STATEMENT
Title Captain Sir Richard Francis Burton :
Remainder of title the secret agent who made the pilgrimage to Mecca, discovered the Kama Sutra, and brought the Arabian nights to the West /
Statement of responsibility, etc. Edward Rice.
260 ## - PUBLICATION, DISTRIBUTION, ETC.
Place of publication, distribution, etc. New York :
Name of publisher, distributor, etc. Scribner's,
Date of publication, distribution, etc. c1990.
300 ## - PHYSICAL DESCRIPTION
Extent xix, 522 p., [18] p. of plates :
Other physical details ill., maps, ports. ;
Dimensions 25 cm.
365 ## - TRADE PRICE
Price type code 35.00 USD
504 ## - BIBLIOGRAPHY, ETC. NOTE
Bibliography, etc. note Includes bibliographical references (p. 491-501) and index.
600 10 - SUBJECT ADDED ENTRY--PERSONAL NAME
Personal name Burton, Richard Francis,
Titles and other words associated with a name Sir,
Dates associated with a name 1821-1890.
650 #0 - SUBJECT ADDED ENTRY--TOPICAL TERM
Topical term or geographic name entry element Explorers
Geographic subdivision Great Britain
General subdivision Biography.
650 #0 - SUBJECT ADDED ENTRY--TOPICAL TERM
Topical term or geographic name entry element Scholars
Geographic subdivision Great Britain
General subdivision Biography.
653 ## - INDEX TERM--UNCONTROLLED
Uncontrolled term ბიოგრაფია
906 ## - LOCAL DATA ELEMENT F, LDF (RLIN)
a 7
b cbc
c orignew
d 1
e ocip
f 19
g y-gencatlg
942 ## - ADDED ENTRY ELEMENTS (KOHA)
Source of classification or shelving scheme
Koha item type Books
Holdings
Withdrawn status Lost status Source of classification or shelving scheme Damaged status Not for loan Permanent location Current location Date acquired Inventory number Total Checkouts Full call number Barcode Date last seen Price effective from Koha item type
          Ken Walker International University Ken Walker International University 02/04/2021 1363   92 R-52 1363 02/04/2021 02/04/2021 Books

Powered by Koha